00531nam a2200133Ia 4500008004100000100003800041245008700079260002500166300002000191650001600211856007800227999001900305952007300324160712s9999 xx 000 0 und d aDuque, Yason BanalMary Jessel B.  cYason BanalMary Jessel B. DuqueaStarlet Suicide, Splat Theory: A Performance Text c2011bDiliman Review avol. 58 no. 1-4 xPERFORMANCE uhttp://journals.upd.edu.ph/index.php/dilimanreview/issue/view/513/showToc c297635d297635 001040aCLbCLd2016-07-12l0r2016-07-12 00:00:00w2016-07-12yFEJ